| 000 | 01883nam a2200385 c 4500 | ||
|---|---|---|---|
| 003 | BLK | ||
| 005 | 20180420223201.0 | ||
| 008 | 180408b bul|||||r ||||||| ||bul|| | ||
| 010 | _aKNG00067440000 | ||
| 020 |
_a954-9441-02-4 _bиздат.: Elsi M - на том(т. 1) |
||
| 040 | _aBLK | ||
| 041 |
_aBUL _cBUL |
||
| 080 |
_aОрганизация и структура на учебния процес - Записване. Такси. Планиране на следването. Семестри. Продължителност, методи и форми на преподаване и др. _b378.14 _x(100)(035) _z378.14(100)(035) |
||
| 080 |
_aВъзпитание. Образование. Просвета. Организация на свободното време. Вж и 003;021. 3;159. 9;612;613;727 _b37 _x(100)(035) _z37(100)(035) |
||
| 139 |
_aКак се кандидатства в чужбина _bК 15 |
||
| 245 | 1 | 0 |
_aКак се кандидатства в чужбина _bСправочник : Т. 1 - _nТ. 1 |
| 250 | _a2. осн. прераб. и доп. изд. | ||
| 257 | _aBGR | ||
| 260 |
_аСофия _c2005 - _fСофия : Наука и образование |
||
| 300 | _c21 см | ||
| 380 | _a3 | ||
| 500 | _a1. изд. 2002. | ||
| 650 | 4 |
_aСтуденти - в чужбина _9279895 |
|
| 650 | 4 |
_aУчилища _9175038 |
|
| 650 | 4 |
_aОбразование и просвета _9252113 |
|
| 653 | _aучилища | ||
| 653 | _aкандидатстудентски справочници | ||
| 653 | _aчужбина | ||
| 760 | 1 |
_3- на том(т. 1) _b2. осн. прераб. и доп. изд. _dElsi M, 2005 _h319 с. : с к. _tТ. 1 |
|
| 852 | _aЦб 228758 | ||
| 856 | 4 |
_qpdf _u |
|
| 856 | 4 |
_qpdf _u |
|
| 942 |
_cKNG _n0 |
||
| 944 |
_aCR _c09.08.2006 _lф / _kЛюдмила_Стоянова |
||
| 944 |
_aED _c05.01.2015 _lф / _kВиолета_Тройчева |
||
| 999 |
_c63205 _d63205 |
||